01501nam a22002537a 4500952010800000952010100108952010100209999001900310008004100329020001800370050002100388100003500409245008400444250001800528260003200546300003500578500004400613504007500657505039500732519004401127650003601171650002801207942001201235 00104070a11b11d2019-06-10l1oPC145 C43 2016p11 014025r2026-02-12s2026-02-11t1w2019-06-10yLB 00102lcc4070a01b01d2022-11-03l0oPC145 C43 2016p16 002789r2023-07-13t1w2022-11-03yLB 00102lcc4070a01b01d2022-11-03l0oPC145 C43 2016p16 002790r2023-07-13t2w2022-11-03yLB c104244d104244190610b2016 mx |||| |||| 00| 0 spa d a9786073238212 aPC145bC43 2016  aChávez Pérez, Fideleautor aRedacción avanzadab: un enfoque lingüístico c/ Fidel, Chávez Pérez  a5a. edición aMéxicob: Pearsonc, 2016 axvi, 342 páginas b: tablas  aIncluye: Introducción (pp. xv - xvi)  aBibliografía (pp. 337 - 339) Referencias de textos (pp. 341 - 342) aI. Desarrollo de la observación II. Descripción y modificación de una estructura lingüístico- discursiva III. El proceso de la comunicación IV. Acercamiento a un proceso descriptivo V. Modelo del escarabajo: análisis y punto de vista en la selección de un tema VI. Redacción de informes VII. Formas de especializadas de redacción VIII. El texto literario  aPlan UNAM /bPreparatoria / d16 002789 0aESPAÑOLvRETÓRICAxMANUALES 0aREDACCIÓN DE INFORMES cLB2lcc